00301 a2200121 4500001000700000040003500007100002200042240004800064245004300112300000700155362000900162440000800171154644 cEscola São Tomás de Aquino aBERUTTI, Flávio10a1888: o negro torna-se igual na lei...lpor10a1888: o negro torna-se igual na lei... a480 a2009 1aRHJ